Daughters of independence: gender, caste and class in India (Record no. 12380)

MARC details
000 -LEADER
fixed length control field 00502nam a2200169Ia 4500
082 ## - DEWEY DECIMAL CLASSIFICATION NUMBER
Classification number 305.40954 LID-;
100 ## - MAIN ENTRY--AUTHOR NAME
Personal name Liddle, Joanna
245 #0 - TITLE STATEMENT
Title Daughters of independence: gender, caste and class in India
260 ## - PUBLICATION, DISTRIBUTION, ETC. (IMPRINT)
Place of publication New Delhi
Name of publisher Kali for Women
Year of publication 1986
504 ## - BIBLIOGRAPHY, ETC. NOTE
Bibliography, etc Includes index, bibliography
650 ## - SUBJECT ADDED ENTRY--TOPICAL TERM
Topical Term Women - Social conditions - India
650 ## - SUBJECT ADDED ENTRY--TOPICAL TERM
Topical Term Women's studies - India
650 ## - SUBJECT ADDED ENTRY--TOPICAL TERM
Topical Term Caste - India
650 ## - SUBJECT ADDED ENTRY--TOPICAL TERM
Topical Term Women - Employment - India
700 ## - ADDED ENTRY--PERSONAL NAME
Personal name Joshi, Rama
942 ## - ADDED ENTRY ELEMENTS (KOHA)
Koha item type Books
Source of classification or shelving scheme Dewey Decimal Classification
Holdings
Withdrawn status Lost status Damaged status Not for loan Home library Current library Date acquired Bill Date Full call number Accession Number Price effective from Koha item type
        NASSDOC Library NASSDOC Library 08/06/2004 2004-10-22 305.40954 LID-; 24516 18/04/2019 Books